Statistics for Travelers' Choice Top 25 Destinations 2015

Click here to take the quiz!

General Stats

  • This quiz has been taken 243 times
  • The average score is 29 of 50

Answer Stats

ANSWER% Correct
France
92%
United Kingdom
92%
United States
92%
London
91%
Paris
90%
Italy
89%
New York
88%
Australia
87%
China
87%
Rome
86%
Spain
85%
Sydney
83%
Barcelona
80%
Russia
80%
Thailand
75%
Greece
74%
Turkey
74%
Turkey
74%
Athens
71%
Istanbul
71%
Bangkok
70%
New Zealand
68%
Hong Kong
66%
St. Petersburg
65%
South Africa
64%
Argentina
61%
Indonesia
61%
Cape Town
58%
Switzerland
56%
Buenos Aires
55%
Vietnam
55%
Prague
50%
Dubai
49%
United Arab Emirates
49%
Czech Republic
47%
Hanoi
47%
Morocco
46%
Budapest
44%
Peru
44%
Hungary
42%
Cambodia
35%
Marrakech
31%
Nepal
24%
Cusco
20%
Kathmandu
19%
Queenstown
11%
Siem Reap
9%
Zermatt
4%
Goreme
2%
Ubud
2%

Score Distribution

Percentile by Number Answered

Percent of People with Each Score

Your Score History

You have not taken this quiz